[Event "Stuttgart-chB int"]
[Site "Ditzingen"]
[Date "2016.05.06"]
[Round "4"]
[White "Krebs, Thomas"]
[Black "Dendic, Amar"]
[Result "0-1"]
[WhiteElo "1508"]
[BlackElo "1604"]
[PlyCount "76"]
[EventDate "2016.05.05"]
[EventType "swiss"]
[EventRounds "7"]
[EventCountry "GER"]
[SourceTitle "EXT 2018"]
[Source "ChessBase"]
[SourceDate "2017.10.13"]
[SourceVersion "1"]
[SourceVersionDate "2017.10.13"]
[SourceQuality "1"]

1. e4 e5 2. Nf3 Nc6 3. Bb5 a6 4. Ba4 Nf6 5. 0-0 b5 6. Bb3 Bc5 7. d3 d6 8. Bg5 h6 9. Be3 Bb6 10. Bxb6 cxb6 11. h3 Na5 12. Nbd2 Nxb3 13. Nxb3 0-0 14. Qe2 Bb7 15. Rad1 Qe7 16. c3 Nd7 17. d4 f5 18. dxe5 dxe5 19. Nfd2 fxe4 20. Nxe4 Rf4 21. f3 Raf8 22. g3 R4f7 23. Nd6 Bxf3 24. Qd2 Rf6 25. Nc8 Rxc8 26. Qxd7 Qxd7 27. Rxd7 Rcf8 28. Re7 Rg6 29. Rxe5 Rxg3+ 30. Kf2 Rxh3 31. Ke1 g5 32. Re6 Kg7 33. Nd2 g4 34. Nxf3 Rhxf3 35. Rh1 R8f6 36. Re7+ Kg6 37. Re5 R3f5 38. Re3 h5 0-1

[Event "Stuttgart-chB int"]
[Site "Ditzingen"]
[Date "2012.05.17"]
[Round "2"]
[White "Krebs, Thomas"]
[Black "Lin, Jean Claude"]
[Result "1-0"]
[WhiteElo "1626"]
[BlackElo "1382"]
[PlyCount "77"]
[EventDate "2012.05.17"]
[EventType "swiss"]
[EventRounds "7"]
[EventCountry "GER"]
[SourceTitle "EXT 2018"]
[Source "ChessBase"]
[SourceDate "2017.10.13"]
[SourceVersion "1"]
[SourceVersionDate "2017.10.13"]
[SourceQuality "1"]

1. d4 Nf6 2. Nf3 e6 3. c4 c5 4. e3 d5 5. Be2 Nc6 6. 0-0 Bd6 7. cxd5 exd5 8. dxc5 Bxc5 9. Nc3 0-0 10. a3 a5 11. Qc2 Re8 12. Rd1 Ne7 13. Nxd5 Nexd5 14. Qxc5 Be6 15. Qb5 Qe7 16. Bd2 b6 17. Rac1 Bd7 18. Qc4 Rac8 19. Qd4 Qd6 20. Rxc8 Bxc8 21. Bc3 Re4 22. Qd2 Be6 23. Bxf6 gxf6 24. Bc4 Rxc4 25. Qd3 Qc5 26. h3 b5 27. Kh2 Rc2 28. Rd2 Rc4 29. Nd4 Nc7 30. Qe2 Qd6+ 31. g3 Rc1 32. f3 Bc4 33. Qf2 Qe5 34. e4 Rf1 35. Qg2 f5 36. Nxf5 Ne6 37. b3 Qa1 38. bxc4 Ng5 39. Rd8# 1-0

[Event "Stuttgart-chB int"]
[Site "Gerlingen"]
[Date "2011.06.03"]
[Round "5"]
[White "Krebs, Thomas"]
[Black "Hahn, Martin"]
[Result "1-0"]
[WhiteElo "1621"]
[BlackElo "1783"]
[PlyCount "31"]
[EventDate "2011.06.02"]
[EventType "swiss"]
[EventRounds "7"]
[EventCountry "GER"]
[SourceTitle "EXT 2018"]
[Source "ChessBase"]
[SourceDate "2017.10.13"]
[SourceVersion "1"]
[SourceVersionDate "2017.10.13"]
[SourceQuality "1"]

1. c4 b6 2. d4 Nf6 3. Nf3 Bb7 4. e3 e6 5. Nc3 d5 6. Be2 Bd6 7. cxd5 Nxd5 8. Bd2 0-0 9. 0-0 Nd7 10. Rc1 Nxc3 11. Bxc3 c5 12. Qa4 Nf6 13. Rfd1 Qe7 14. dxc5 Bxc5 15. Bxf6 gxf6 16. Rd7 1-0

[Event "Stuttgart-chB int"]
[Site "Gerlingen"]
[Date "2011.06.03"]
[Round "4"]
[White "Wohlfahrt, Michael"]
[Black "Krebs, Thomas"]
[Result "1-0"]
[WhiteElo "1761"]
[BlackElo "1621"]
[PlyCount "59"]
[EventDate "2011.06.02"]
[EventType "swiss"]
[EventRounds "7"]
[EventCountry "GER"]
[SourceTitle "EXT 2018"]
[Source "ChessBase"]
[SourceDate "2017.10.13"]
[SourceVersion "1"]
[SourceVersionDate "2017.10.13"]
[SourceQuality "1"]

1. e4 c6 2. d4 d5 3. exd5 cxd5 4. Bd3 e6 5. Nf3 Nf6 6. 0-0 Bd6 7. Bg5 0-0 8. c3 Nbd7 9. Re1 b6 10. Nbd2 Bb7 11. h3 h6 12. Bh4 Qc7 13. Bxf6 Nxf6 14. Ne5 a6 15. Rc1 Bxe5 16. dxe5 Nd7 17. Nf3 Rac8 18. Qe2 a5 19. Bb1 Rfe8 20. Qd3 Nf8 21. Nd4 Bc6 22. Re3 Qe7 23. Rce1 Ng6 24. Rg3 Bd7 25. Ree3 Nf8 26. Ref3 Red8 27. Qe3 Kh8 28. Rf6 Nh7 29. Rxh6 gxh6 30. Qxh6 1-0

[Event "Stuttgart-chB int"]
[Site "Ditzingen"]
[Date "2009.05.23"]
[Round "5"]
[White "Steiert, Roland"]
[Black "Krebs, Thomas"]
[Result "1-0"]
[WhiteElo "1735"]
[BlackElo "1625"]
[PlyCount "67"]
[EventDate "2009.05.21"]
[EventType "swiss"]
[EventRounds "7"]
[EventCountry "GER"]
[SourceTitle "EXT 2018"]
[Source "ChessBase"]
[SourceDate "2017.10.13"]
[SourceVersion "1"]
[SourceVersionDate "2017.10.13"]
[SourceQuality "1"]

1. d4 d5 2. e4 c6 3. Nc3 e6 4. Bd3 Nd7 5. Qe2 dxe4 6. Nxe4 Ngf6 7. Ng5 h6 8. Nxe6 fxe6 9. Bg6+ Ke7 10. Nf3 Qc7 11. 0-0 Nb6 12. c4 Bd7 13. Ne5 Rg8 14. Bf4 Qc8 15. Nf7 Ne8 16. a4 a5 17. h4 Ra6 18. h5 Qa8 19. Rfe1 Nd5 20. Be5 Qc8 21. Rac1 Ndf6 22. Rc3 c5 23. d5 Bxa4 24. Rd3 Rb6 25. Bc3 Ra6 26. Re3 Bd7 27. f4 Nc7 28. dxe6 Rxe6 29. Rxe6+ Nxe6 30. f5 Ne8 31. Bxa5 Nd6 32. Ne5 Kf6 33. Nxd7+ Qxd7 34. fxe6 1-0

[Event "Stuttgart-chB int"]
[Site "Ditzingen"]
[Date "2009.05.21"]
[Round "3"]
[White "Zeyer, Gabriel"]
[Black "Krebs, Thomas"]
[Result "0-1"]
[WhiteElo "1461"]
[BlackElo "1625"]
[PlyCount "78"]
[EventDate "2009.05.21"]
[EventType "swiss"]
[EventRounds "7"]
[EventCountry "GER"]
[SourceTitle "EXT 2018"]
[Source "ChessBase"]
[SourceDate "2017.10.13"]
[SourceVersion "1"]
[SourceVersionDate "2017.10.13"]
[SourceQuality "1"]

1. c4 Nf6 2. d4 e6 3. Bg5 Be7 4. Nc3 d5 5. e3 0-0 6. Nf3 b6 7. cxd5 Nxd5 8. Bxe7 Qxe7 9. Nxd5 exd5 10. Bd3 Qb4+ 11. Qd2 Qxd2+ 12. Nxd2 c5 13. 0-0 c4 14. Bc2 Nc6 15. b3 Nb4 16. Rfc1 b5 17. a3 Nxc2 18. Rxc2 Bf5 19. Rc3 a5 20. bxc4 bxc4 21. f3 Rab8 22. e4 Rb2 23. Rd1 dxe4 24. Nxc4 Ra2 25. fxe4 Bxe4 26. Rd2 Ra1+ 27. Kf2 Rc8 28. Rb3 Bd5 29. Rc2 g6 30. Ne3 Rxc2+ 31. Nxc2 Ra2 32. Rc3 Be4 33. Ke3 Rxc2 34. Rc5 Rxc5 35. dxc5 Bxg2 36. Kd4 Kf8 37. Kc4 Bc6 38. Kd4 Ke7 39. Ke5 f6+ 0-1

[Event "Stuttgart-chB int"]
[Site "Ditzingen"]
[Date "2008.05.02"]
[Round "4"]
[White "Krebs, Thomas"]
[Black "Sigmund, Wolfgang"]
[Result "1-0"]
[WhiteElo "1630"]
[BlackElo "1436"]
[PlyCount "113"]
[EventDate "2008.05.01"]
[EventType "swiss"]
[EventRounds "7"]
[EventCountry "GER"]
[SourceTitle "EXT 2018"]
[Source "ChessBase"]
[SourceDate "2017.10.13"]
[SourceVersion "1"]
[SourceVersionDate "2017.10.13"]
[SourceQuality "1"]

1. e4 e5 2. Nf3 Nc6 3. Bb5 a6 4. Ba4 Nf6 5. 0-0 Be7 6. Re1 b5 7. Bb3 0-0 8. c3 d6 9. h3 Nb8 10. d4 Nbd7 11. a4 Bb7 12. Nbd2 c6 13. Bc2 Re8 14. Nf1 Bf8 15. Ng3 g6 16. Be3 Bg7 17. Qe2 Qc7 18. Qd2 d5 19. dxe5 Nxe4 20. Nxe4 dxe4 21. Bxe4 Nxe5 22. Nxe5 Bxe5 23. Bf3 Rad8 24. Qc2 Bc8 25. a5 c5 26. Qc1 Bf5 27. Rd1 Rxd1+ 28. Bxd1 Qd6 29. Bf3 c4 30. Qd1 Bd3 31. Kh1 f5 32. Bg5 Bf6 33. Qd2 Bxg5 34. Qxg5 Kg7 35. Qd2 Qc7 36. Re1 Qd7 37. Re3 Kf7 38. Rxe8 Kxe8 39. Qe3+ Be4 40. Bxe4 Qd1+ 41. Kh2 Qd6+ 42. g3 fxe4 43. Qxe4+ Kd7 44. Qb7+ Kd8 45. Qxh7 Qd2 46. Qg8+ Ke7 47. Qg7+ Kd8 48. Qf8+ Kd7 49. Qf7+ Kd8 50. Qf6+ Kd7 51. Kg2 Qxb2 52. Qxa6 Qxc3 53. Qxb5+ Kc7 54. Qb6+ Kc8 55. a6 Qd3 56. Qb7+ Kd8 57. a7 1-0

[Event "Stuttgart-chB int"]
[Site "Ditzingen"]
[Date "2008.05.01"]
[Round "2"]
[White "Krebs, Thomas"]
[Black "Ruehl, Volker"]
[Result "1/2-1/2"]
[WhiteElo "1630"]
[BlackElo "1886"]
[PlyCount "84"]
[EventDate "2008.05.01"]
[EventType "swiss"]
[EventRounds "7"]
[EventCountry "GER"]
[SourceTitle "EXT 2018"]
[Source "ChessBase"]
[SourceDate "2017.10.13"]
[SourceVersion "1"]
[SourceVersionDate "2017.10.13"]
[SourceQuality "1"]

1. d4 Nf6 2. c4 e5 3. dxe5 Ne4 4. e3 Bb4+ 5. Bd2 Nxd2 6. Nxd2 b6 7. a3 Bxd2+ 8. Qxd2 Bb7 9. 0-0-0 0-0 10. h4 Qe7 11. f4 Rd8 12. Qc3 Nc6 13. Nf3 d6 14. exd6 cxd6 15. h5 h6 16. Nh4 Qe6 17. Be2 Rac8 18. Bf3 Ne7 19. b3 Bxf3 20. gxf3 b5 21. Rhg1 f6 22. Rd4 d5 23. f5 Nxf5 24. Nxf5 Qxf5 25. Rdg4 Rd7 26. Rf4 Qe5 27. Qxe5 fxe5 28. Rf5 Re7 29. Rg4 dxc4 30. bxc4 bxc4 31. Kc2 Rf7 32. Rxf7 Kxf7 33. Kc3 Rc6 34. f4 g6 35. fxe5 gxh5 36. Rf4+ Kg6 37. Re4 Kf5 38. Rh4 Kxe5 39. Rxh5+ Ke4 40. Rh3 Ra6 41. Kxc4 Rxa3 42. Rxh6 Rxe3 1/2-1/2